000 00516nam a2200193 4500
001 13018
005 20230410115716.0
008 060907n2000 dr spa
020 _a0375503889
035 _9funglode13128
041 _aEN
050 1 4 _aHG 4515.95 A627d 2000
100 _aAnuff, Joey
245 1 _aDumb money :
_badventures of a day trader /
_cJoey Anuff and Gary Wolf
260 _aNew York :
_bRandom hause,
_c2000
300 _axvii, 219 p.
700 _aWolf, Gary
942 _2lcc
_cbk
999 _c46437
_d46437